Speakable und unspeakable in quantum mechanics : collected papers on quantum philosophy

Αποθηκεύτηκε σε:
Λεπτομέρειες βιβλιογραφικής εγγραφής
Κύριος συγγραφέας: Bell, J. S.
Μορφή: Βιβλίο
Γλώσσα:English
Δημοσίευση: Cambridge : Cambridge University Press, c1993.
Θέματα:
Ετικέτες: Προσθήκη ετικέτας
Δεν υπάρχουν, Καταχωρήστε ετικέτα πρώτοι!

MARC

LEADER 00000cam a2200000 i 4500
001 1/53393
008 951026s1993 enk| ||| |||| ||eng||
020 |a 0521334950   |q (σκληρό εξώφυλλο) 
020 |a 0521368693   |q (χαρτόδετο) 
035 |1 ΕΛΗ  |a 1995  |b 2410  |c Χατζησάββας  |l 10044695 
040 |a GR-MyUa  |b gre  |e AACR2 
041 0 |a eng 
082 7 |a 530.12   |2 (22) 
100 1 |a Bell, J. S. 
245 1 0 |a Speakable und unspeakable in quantum mechanics :   |b collected papers on quantum philosophy /   |c J.S. Bell. 
260 |a Cambridge :   |b Cambridge University Press,   |c c1993. 
300 |a xii, 212 σ. :   |b εικ. ;   |c 23 εκ. 
500 |a Περιλαμβάνει βιβλιογραφικές παραπομπές. 
650 0 |a Quantum theory. 
852 |a INST  |b SAMOS  |e 19951026  |h 530.12 BEL  |p 005300012060  |q 005300012060  |t BK  |y 0 
852 |a INST  |b SYROS  |e 20191122  |h 530.12 BEL  |p 005500013997  |q 005500013997  |t BK  |y 0 
901 |a BIBL-1997-2